| 000 | 00609nam a2200181 a 4500 | ||
|---|---|---|---|
| 005 | 20140412111307.0 | ||
| 008 | 010426s19uu xx 00 eng d | ||
| 020 | _a0-394-84186-7 | ||
| 050 |
_aTR(PS E _bIL1 1989 |
||
| 100 | _aBrowne, Anthony | ||
| 245 |
_aI like books / _cAnthony Browne. |
||
| 260 |
_aNew York : _bDragonfly Books, _c1988. |
||
| 300 | _a1 v. (unp.) ; ill. | ||
| 520 | _aA young chimp declares his love for all kinds of books, from funny books and scary books to song books and strange books. | ||
| 650 | _aBooks and reading-Fiction | ||
| 650 | _aChimpanzees-Fiction | ||
| 999 |
_c103772 _d103772 |
||